Episcopologio cauriense / (Record no. 112545)

MARC details
000 -LEADER
campo de control de longitud fija 00763nam a2200217 i 4500
001 - NÚMERO DE CONTROL
campo de control 112545
003 - IDENTIFICADOR DE NÚMERO DE CONTROL
campo de control ES-MaACL
005 - FECHA Y HORA DE LA ÚLTIMA TRANSACCIÓN
campo de control 20250907063101.0
007 - CAMPO FIJO DE DESCRIPCIÓN FÍSICA--INFORMACIÓN GENERAL
campo de control de longitud fija t|
008 - DATOS DE LONGITUD FIJA--INFORMACIÓN GENERAL
campo de control de longitud fija 061121s1959 sp r ||||1| spa d
100 1# - ENTRADA PRINCIPAL--NOMBRE DE PERSONA
Nombre de persona Ortí Belmonte, Miguel Angel,
Fechas asociadas al nombre 1891-1973
9 (RLIN) 87527
245 10 - MENCIÓN DEL TÍTULO
Título Episcopologio cauriense /
Mención de responsabilidad, etc. por el profesor Miguel Angel Ortí Belmonte.
260 ## - PUBLICACIÓN, DISTRIBUCIÓN, ETC.
Lugar de publicación, distribución, etc. Cáceres :
Nombre del editor, distribuidor, etc. Diputación Provincial,
Fecha de publicación, distribución, etc. 1959.
300 ## - DESCRIPCIÓN FÍSICA
Extensión 222 p., XII lám. ;
Dimensiones 24 cm.
490 1# - MENCIÓN DE SERIE
Mención de serie Estudios extremeños
650 #4 - PUNTO DE ACCESO ADICIONAL DE MATERIA--TÉRMINO DE MATERIA
Término de materia o nombre geográfico como elemento de entrada Obispos-
Subdivisión geográfica Cáceres (Provincia)-
Subdivisión general Biografías.
9 (RLIN) 157775
651 #4 - PUNTO DE ACCESO ADICIONAL DE MATERIA--NOMBRE GEOGRÁFICO
Nombre geográfico Cáceres (Provincia)-
Subdivisión general Historia eclesiástica.
9 (RLIN) 157776
830 0# - PUNTO DE ACCESO ADICIONAL DE SERIE-TÍTULO UNIFORME
Título uniforme Estudios extremeños
9 (RLIN) 233137
852 ## - LOCALIZACIÓN
Ubicación ES-MaACL
Número de control de estantería C-17424
Sublocalización o colección R.45593
Holdings
Estatus retirado Estado de pérdida Estado de daño No para préstamo Biblioteca de origen Biblioteca actual Ubicación en estantería Fecha de adquisición Fuente de adquisición Total de préstamos Signatura topográfica completa Código de barras Visto por última vez Precio de reemplazo Tipo de ítem Koha
        Biblioteca del Ateneo de Madrid Biblioteca del Ateneo de Madrid Galería 17/01/2008     C-17424 1117397 23/02/2023 23/02/2023 Libro impreso